[Event "CZE-ch U14"]
[Site "Kouty nad Desnou"]
[Date "2011.03.17"]
[Round "7"]
[White "Bocek, Lukas"]
[Black "Kula, Dominik"]
[Result "0-1"]
[WhiteElo "1625"]
[BlackElo "1650"]
[PlyCount "80"]
[EventDate "2011.03.12"]
[EventType "swiss"]
[EventRounds "9"]
[EventCountry "CZE"]
[SourceTitle "EXT 2014"]
[Source "ChessBase"]
[SourceDate "2013.11.20"]
[SourceVersion "1"]
[SourceVersionDate "2013.11.20"]
[SourceQuality "1"]

1. e4 c5 2. c3 Nf6 3. Bd3 e6 4. Bc2 d5 5. e5 Nfd7 6. d4 cxd4 7. cxd4 Be7 8. f4 0-0 9. Nf3 Nc6 10. a3 f5 11. h4 Qb6 12. Qd3 h5 13. Rg1 Rf7 14. g4 hxg4 15. Rxg4 Nxd4 16. Ng5 Bxg5 17. Rxg5 Nxc2+ 18. Qxc2 Qc5 19. Qd2 Nb6 20. h5 Nc4 21. Qe2 Nxe5 22. Be3 d4 23. Bxd4 Qxd4 24. Qxe5 Qxe5+ 25. fxe5 Kh7 26. Nd2 Bd7 27. Rg6 f4 28. Nf3 Rf5 29. Ng5+ Kg8 30. h6 Rxe5+ 31. Kf2 Be8 32. Rxg7+ Kh8 33. Rh1 Rc8 34. h7 Rc2+ 35. Kf3 Bc6+ 36. Kxf4 Rxg5 37. Rc7 Rf5+ 38. Kg4 Bxh1 39. Rxc2 Bf3+ 40. Kg3 Kxh7 0-1

[Event "CZE-ch U14"]
[Site "Kouty nad Desnou"]
[Date "2011.03.16"]
[Round "6"]
[White "Bocek, Lukas"]
[Black "Kubik, Michael"]
[Result "0-1"]
[WhiteElo "1625"]
[BlackElo "1915"]
[PlyCount "44"]
[EventDate "2011.03.12"]
[EventType "swiss"]
[EventRounds "9"]
[EventCountry "CZE"]
[SourceTitle "EXT 2014"]
[Source "ChessBase"]
[SourceDate "2013.11.20"]
[SourceVersion "1"]
[SourceVersionDate "2013.11.20"]
[SourceQuality "1"]

1. e4 c5 2. Nf3 Nc6 3. c3 Nf6 4. Bd3 d6 5. Bc2 g6 6. d4 cxd4 7. cxd4 Bg7 8. 0-0 0-0 9. Nc3 Bg4 10. Be3 Nd7 11. Ne2 Nb6 12. b3 Rc8 13. Rc1 Qd7 14. Qd2 Bxf3 15. gxf3 Qh3 16. Ng3 h5 17. Bd1 h4 18. Nh1 f5 19. Bh6 f4 20. Bxg7 Kxg7 21. Be2 d5 22. e5 Rf5 0-1

[Event "CZE-ch U14"]
[Site "Kouty nad Desnou"]
[Date "2011.03.14"]
[Round "4"]
[White "Bocek, Lukas"]
[Black "Kratochvil, Vit"]
[Result "0-1"]
[WhiteElo "1625"]
[BlackElo "1869"]
[PlyCount "96"]
[EventDate "2011.03.12"]
[EventType "swiss"]
[EventRounds "9"]
[EventCountry "CZE"]
[SourceTitle "EXT 2014"]
[Source "ChessBase"]
[SourceDate "2013.11.20"]
[SourceVersion "1"]
[SourceVersionDate "2013.11.20"]
[SourceQuality "1"]

1. e4 c5 2. Nf3 d6 3. c3 Nf6 4. Be2 g6 5. 0-0 Bg7 6. d3 0-0 7. Bd2 Nc6 8. a3 Bd7 9. b4 cxb4 10. axb4 a6 11. Qc2 Qc7 12. Rc1 Rac8 13. Na3 d5 14. exd5 Nxd5 15. Rab1 Ne5 16. c4 Nf6 17. Bc3 Nxf3+ 18. Bxf3 Bf5 19. b5 Bh6 20. Re1 Rfd8 21. Red1 Bg4 22. Qe2 Bxf3 23. Qxf3 axb5 24. Nxb5 Qc6 25. Qxc6 Rxc6 26. Na7 Rcd6 27. d4 R6d7 28. Nb5 Rc8 29. c5 Nd5 30. Bd2 Bg7 31. Be3 Nxe3 32. fxe3 e5 33. Nd6 Rcc7 34. Rbc1 exd4 35. exd4 Rc6 36. d5 Ra6 37. Rb1 Ra7 38. Nc8 Ra5 39. Rbc1 Bh6 40. Rc3 Rxc5 41. Rxc5 Be3+ 42. Kf1 Bxc5 43. d6 Kf8 44. Rc1 b6 45. Re1 Rd8 46. Na7 Rxd6 47. Nb5 Rf6+ 48. Ke2 Re6+ 0-1

[Event "CZE-ch U12"]
[Site "Kouty nad Desnou"]
[Date "2010.03.09"]
[Round "5"]
[White "Bocek, Lukas"]
[Black "Skorepa, Jakub"]
[Result "1/2-1/2"]
[WhiteElo "1597"]
[BlackElo "1609"]
[PlyCount "40"]
[EventDate "2010.03.06"]
[EventType "swiss"]
[EventRounds "9"]
[EventCountry "CZE"]
[SourceTitle "EXT 2012"]
[Source "ChessBase"]
[SourceDate "2011.11.24"]
[SourceVersion "1"]
[SourceVersionDate "2011.11.24"]
[SourceQuality "1"]

1. e4 c6 2. d4 d5 3. e5 Bf5 4. Nc3 e6 5. g4 Bg6 6. Nge2 Nd7 7. h4 h6 8. Nf4 Bh7 9. Bg2 Be7 10. Nh5 g6 11. Nf4 Bxh4 12. Qf3 Qe7 13. Bd2 Bg5 14. 0-0-0 0-0-0 15. Nce2 Bxf4 16. Nxf4 g5 17. Ne2 Be4 18. Qg3 Bxg2 19. Qxg2 f6 20. f4 gxf4 1/2-1/2

[Event "CZE Czechia-ch U12"]
[Site "Harrachov"]
[Date "2009.10.30"]
[Round "8"]
[White "Kozusek, Daniel"]
[Black "Bocek, Lukas"]
[Result "1-0"]
[WhiteElo "1494"]
[BlackElo "1354"]
[PlyCount "45"]
[EventDate "2009.10.24"]
[EventType "swiss"]
[EventRounds "9"]
[EventCountry "CZE"]
[SourceTitle "EXT 2012"]
[Source "ChessBase"]
[SourceDate "2011.11.24"]
[SourceVersion "1"]
[SourceVersionDate "2011.11.24"]
[SourceQuality "1"]

1. e4 e5 2. Nf3 Nc6 3. d4 exd4 4. Bb5 d5 5. exd5 Qxd5 6. Nc3 Bb4 7. Qxd4 Bxc3+ 8. bxc3 Nf6 9. Qxd5 Nxd5 10. Bxc6+ bxc6 11. Bd2 0-0 12. 0-0 Re8 13. c4 Ba6 14. cxd5 Bxf1 15. Rxf1 cxd5 16. Bf4 Re2 17. Rc1 Rb8 18. Be3 Rb2 19. Nd4 Rxe3 20. fxe3 Rxa2 21. c4 Ra3 22. Kf2 Ra5 23. cxd5 1-0

[Event "CZE Czechia-ch U12"]
[Site "Harrachov"]
[Date "2009.10.29"]
[Round "7"]
[White "Bocek, Lukas"]
[Black "Liska, Jiri2222"]
[Result "1/2-1/2"]
[WhiteElo "1354"]
[BlackElo "1551"]
[PlyCount "93"]
[EventDate "2009.10.24"]
[EventType "swiss"]
[EventRounds "9"]
[EventCountry "CZE"]
[SourceTitle "EXT 2012"]
[Source "ChessBase"]
[SourceDate "2011.11.24"]
[SourceVersion "1"]
[SourceVersionDate "2011.11.24"]
[SourceQuality "1"]

1. e4 d5 2. exd5 Qxd5 3. Nc3 Qa5 4. d4 Nf6 5. Nf3 Bg4 6. Bf4 Nc6 7. h3 Bh5 8. Bd2 a6 9. g4 Bg6 10. a3 0-0-0 11. b4 Qb6 12. Be3 Qa7 13. d5 Qb8 14. b5 axb5 15. Bxb5 e6 16. Rb1 Nxd5 17. Nxd5 Rxd5 18. Qe2 Qa8 19. 0-0 h5 20. g5 Bc5 21. Bc4 Rf5 22. Bd3 Rd5 23. Bxg6 fxg6 24. Bxc5 Rxc5 25. Qxe6+ Kb8 26. Qxg6 Qxa3 27. Qxg7 Qc3 28. Qxc3 Rxc3 29. Ne1 Rxh3 30. f3 Rg3+ 31. Kh2 Rxg5 32. f4 Rf5 33. Nd3 Nd4 34. c3 Ne2 35. c4 Rhf8 36. Ne5 Kc8 37. Ra1 c6 38. Ng6 R8f7 39. Ne5 R7f6 40. c5 Rxf4 41. Ra8+ Kc7 42. Rd1 Rd4 43. Re1 Nf4 44. Nf3 Rd7 45. Ree8 Rd5 46. Rac8+ Kd7 47. Rcd8+ 1/2-1/2

[Event "CZE Czechia-ch U12"]
[Site "Harrachov"]
[Date "2009.10.28"]
[Round "6"]
[White "Stich, Jan"]
[Black "Bocek, Lukas"]
[Result "0-1"]
[WhiteElo "1324"]
[BlackElo "1354"]
[PlyCount "94"]
[EventDate "2009.10.24"]
[EventType "swiss"]
[EventRounds "9"]
[EventCountry "CZE"]
[SourceTitle "EXT 2012"]
[Source "ChessBase"]
[SourceDate "2011.11.24"]
[SourceVersion "1"]
[SourceVersionDate "2011.11.24"]
[SourceQuality "1"]

1. e4 e5 2. Nf3 Nc6 3. Bc4 Nf6 4. Nc3 Nxe4 5. Nxe4 d5 6. Bd3 dxe4 7. Bxe4 Bd6 8. d4 exd4 9. Nxd4 0-0 10. Nxc6 bxc6 11. Bxc6 Rb8 12. 0-0 Rb6 13. Be4 Rb5 14. Bd3 Bxh2+ 15. Kxh2 Qh4+ 16. Kg1 Rh5 17. f3 Qh2+ 18. Kf2 Bh3 19. Rg1 Bc8 20. Be3 Qh4+ 21. Ke2 Re8 22. Qe1 Qe7 23. Qf2 Re5 24. Be4 f5 25. Rh1 fxe4 26. f4 Rd5 27. Qh4 Qxh4 28. Rxh4 Rb5 29. b3 a6 30. c4 Rb8 31. Rd1 h5 32. Kf2 Bg4 33. Rd5 Rf8 34. g3 Rfd8 35. Ra5 Ra8 36. Rh1 Rd3 37. Re1 Rc3 38. Bd4 Rc2+ 39. Kg1 Bf3 40. Rg5 Rg2+ 41. Kf1 Rd8 42. Bxg7 Kh7 43. Bc3 Rd3 44. Rc1 e3 45. g4 e2+ 46. Ke1 Rd1+ 47. Rxd1 exd1Q# 0-1

[Event "CZE-ch U10"]
[Site "Sec u Chrudimi"]
[Date "2008.03.12"]
[Round "6"]
[White "Hejzlar, Jan"]
[Black "Bocek, Lukas"]
[Result "1/2-1/2"]
[WhiteElo "1250"]
[BlackElo "1250"]
[PlyCount "50"]
[EventDate "2008.03.08"]
[EventType "swiss"]
[EventRounds "9"]
[EventCountry "CZE"]
[SourceTitle "EXT 2009"]
[Source "ChessBase"]
[SourceDate "2008.11.26"]
[SourceVersion "1"]
[SourceVersionDate "2008.11.26"]
[SourceQuality "1"]

1. e4 e5 2. Nf3 Nc6 3. Bc4 Nf6 4. d3 Bc5 5. 0-0 d6 6. Nc3 Bg4 7. h3 Bh5 8. Bg5 h6 9. Bh4 g5 10. Bg3 g4 11. hxg4 Bxg4 12. Nd5 Nd4 13. Bh4 Nxf3+ 14. gxf3 Be6 15. Bxf6 Rg8+ 16. Kh1 Qc8 17. Ne7 Qd7 18. Nxg8 Bxc4 19. dxc4 Qh3+ 20. Kg1 Qg3+ 21. Kh1 Qh3+ 22. Kg1 Qg3+ 23. Kh1 Qh3+ 24. Kg1 Qg3+ 25. Kh1 Qh3+ 1/2-1/2

[Event "CZE-ch U10"]
[Site "Sec u Chrudimi"]
[Date "2008.03.10"]
[Round "3"]
[White "Miculka, David"]
[Black "Bocek, Lukas"]
[Result "1-0"]
[WhiteElo "1660"]
[BlackElo "1250"]
[PlyCount "55"]
[EventDate "2008.03.08"]
[EventType "swiss"]
[EventRounds "9"]
[EventCountry "CZE"]
[SourceTitle "EXT 2009"]
[Source "ChessBase"]
[SourceDate "2008.11.26"]
[SourceVersion "1"]
[SourceVersionDate "2008.11.26"]
[SourceQuality "1"]

1. e4 e5 2. Nf3 Nc6 3. Bb5 Bc5 4. 0-0 d6 5. c3 Bg4 6. h3 Bxf3 7. Qxf3 Nf6 8. d3 0-0 9. Bg5 Kh8 10. Nd2 Rg8 11. Rfe1 Qe7 12. Nf1 Nd8 13. Ng3 Ne6 14. Bd2 c6 15. Nf5 Qd7 16. Ba4 b5 17. Bb3 Nc7 18. Bg5 Nfe8 19. a4 Ne6 20. Bxe6 fxe6 21. Ne7 Nc7 22. Nxg8 Rxg8 23. Be3 a6 24. axb5 cxb5 25. b4 Bxe3 26. Qxe3 Ra8 27. Rf1 Qe7 28. f4 1-0

[Event "CZE-ch U10"]
[Site "Sec u Chrudimi"]
[Date "2008.03.09"]
[Round "2"]
[White "Steinhauser, Vaclav"]
[Black "Bocek, Lukas"]
[Result "1-0"]
[WhiteElo "1449"]
[BlackElo "1250"]
[PlyCount "121"]
[EventDate "2008.03.08"]
[EventType "swiss"]
[EventRounds "9"]
[EventCountry "CZE"]
[SourceTitle "EXT 2009"]
[Source "ChessBase"]
[SourceDate "2008.11.26"]
[SourceVersion "1"]
[SourceVersionDate "2008.11.26"]
[SourceQuality "1"]

1. e4 e5 2. Nc3 Nf6 3. f4 d6 4. fxe5 dxe5 5. Nf3 Nc6 6. Bc4 Bc5 7. d3 Be6 8. Bxe6 fxe6 9. Bg5 0-0 10. Na4 Bd4 11. Nxd4 exd4 12. Nc5 Qc8 13. 0-0 b6 14. Nb3 Qd8 15. Qd2 e5 16. c3 Qd6 17. cxd4 Nxd4 18. Nxd4 Qxd4+ 19. Be3 Qd6 20. Qc3 Rad8 21. Rad1 Ng4 22. Rxf8+ Rxf8 23. Bd2 Nf2 24. Rf1 Nxd3 25. Qc4+ Kh8 26. Rxf8+ Qxf8 27. Qxd3 Qd6 28. Qxd6 cxd6 29. Kf2 Kg8 30. Bb4 Kf7 31. Bxd6 Ke6 32. Bb4 h5 33. Kg3 g5 34. h4 g4 35. Kf2 b5 36. g3 a6 37. Ke3 Kd7 38. Kd3 Kc6 39. Bc3 Kd6 40. Kc2 Kc5 41. Bxe5 Kc4 42. Bf6 a5 43. a3 a4 44. e5 Kd5 45. Kc3 Kc6 46. e6 Kd6 47. e7 Kd7 48. Kb4 Ke8 49. Kxb5 Kd7 50. Kxa4 Ke8 51. b4 Kd7 52. b5 Ke8 53. b6 Kd7 54. b7 Kc7 55. b8Q+ Kxb8 56. e8Q+ Kc7 57. Kb5 Kd6 58. Qe5+ Kd7 59. Qe7+ Kc8 60. Kb6 Kb8 61. Qe8# 1-0

[Event "CZE-ch U10"]
[Site "Sec u Chrudimi"]
[Date "2008.03.08"]
[Round "1"]
[White "Bocek, Lukas"]
[Black "Blahynka, Martin"]
[Result "0-1"]
[WhiteElo "1250"]
[BlackElo "1733"]
[PlyCount "68"]
[EventDate "2008.03.08"]
[EventType "swiss"]
[EventRounds "9"]
[EventCountry "CZE"]
[SourceTitle "EXT 2009"]
[Source "ChessBase"]
[SourceDate "2008.11.26"]
[SourceVersion "1"]
[SourceVersionDate "2008.11.26"]
[SourceQuality "1"]

1. e4 c5 2. d4 cxd4 3. c3 d5 4. exd5 Qxd5 5. cxd4 Nc6 6. Nf3 e6 7. Nc3 Bb4 8. Be2 Nf6 9. 0-0 Bxc3 10. bxc3 0-0 11. Be3 b6 12. a4 Bb7 13. c4 Qd6 14. h3 Rac8 15. Rb1 Rc7 16. Qd2 Ne4 17. Qd3 Na5 18. Rfc1 Rd8 19. g3 Nxg3 20. fxg3 Qxg3+ 21. Kf1 Bxf3 22. Bf2 Bg2+ 23. Ke1 Qxd3 24. Bxd3 Bxh3 25. Bg3 Rcd7 26. Bf2 Nc6 27. d5 exd5 28. cxd5 Rxd5 29. Be4 Re5 30. Rc4 Nd4 31. Rxd4 Rxd4 32. Bxd4 Rxe4+ 33. Kf2 Rxd4 34. Re1 g5 0-1